عارنا فى الجزائر / (Record no. 50927)
[ view plain ]
| 000 -الفاتح | |
|---|---|
| حقل البيانات ثابتة الطول | 00695nam a2200205Ia 4500 |
| 008 - عناصر البيانات ثابتة الطول - معلومات عامة | |
| حقل البيانات ثابتة الطول | 140319s9999 xx 000 0 ara d |
| 040 ## - مصدر الفهرسة | |
| وكالة الفهرسة الأصلية | GCL / |
| وكالة النسخ | GCL |
| 082 04 - رقم تصنيف ديوى العشرى | |
| رقم التصنيف | 965.02 |
| رقم المادة | س ع |
| 100 1# - المدخل الرئيسى - إسم شخصى | |
| الإسم الشخصى | سارتر ، جان بول |
| 245 10 - بيان العنوان | |
| العنوان | عارنا فى الجزائر / |
| بيان المسئوليه,etc | سارتر ، جان بول |
| 700 1# - المدخل الاضافى - اسم شخصى | |
| الإسم الشخصى | عايدة وسهيل ادريس |
| 300 ## - الوصف المادى | |
| التعداد | 75 ص |
| 490 ## - بيان السلسلة | |
| عنوان السلسلة | الهيئة العامة للاستعلامات |
| رقم المجلد/ التعيين التسلسلي | 0 |
| 650 04 - المدخل الاضافى بالموضوع-مصطلح موضوعى | |
| مصطلح موضوعي | الجزائر |
| 650 04 - المدخل الاضافى بالموضوع-مصطلح موضوعى | |
| مصطلح موضوعي | الاستعمار الفرنسى |
| 650 04 - المدخل الاضافى بالموضوع-مصطلح موضوعى | |
| مصطلح موضوعي | الاستعمار فى البلاد العربية |
| 650 04 - المدخل الاضافى بالموضوع-مصطلح موضوعى | |
| مصطلح موضوعي | الجزائر - تاريخ - الاحتلال الفرنسى |
| 942 ## - عناصر المدخل الإضافي( كوها) | |
| مصدر التصنيف او مخطط الترفيف | Dewey Decimal Classification |
| Koha [default] item type | كتاب |
| حالة التراجع | حالة الفقد | حالة تلف | ليس للاعارة | المكان المؤقت | الموقع الحالى | تاريخ الاكتساب | اجمالي اﻻعارات | رقم الطلب | الباركود | تاريخ اخر مشاهدة | تاريخ تفعيل السعر | نوع وعاء كوها |
|---|---|---|---|---|---|---|---|---|---|---|---|---|
| مكتبة القاهرة الكبرى | مكتبة القاهرة الكبرى | 03/26/2014 | 965.02\س ع | 122108 | 03/26/2014 | 03/26/2014 | كتاب |

